Faculties publish new guidelines (Record no. 68975)

MARC details
000 -LEADER
fixed length control field 00934cam a2200217 4500
001 - CONTROL NUMBER
control field WB3745-28
008 - FIXED-LENGTH DATA ELEMENTS--GENERAL INFORMATION
fixed length control field 011129n2001 000 0 eng u
035 ## - SYSTEM CONTROL NUMBER
System control number (Sirsi) u115798
245 ## - TITLE STATEMENT
Title Faculties publish new guidelines
260 ## - PUBLICATION, DISTRIBUTION, ETC.
Date of publication, distribution, etc. 2001
490 ## - SERIES STATEMENT
Series statement RICS News Service
Volume/sequential designation 26 November 2001, (1)
520 ## - SUMMARY, ETC.
Summary, etc. New guidelines for the alternative chartered designations that faculty members may chose to adopt have been published. The number of designations available vary from faculty to faculty, with some adopting a number of alternatives and others choosing to keep the traditional designation 'chartered surveyor'. Guidelines for all faculties available at: http://www.rics.org/chartered_designations.html
590 ## - LOCAL NOTE (RLIN)
Local note WB
650 ## - SUBJECT ADDED ENTRY--TOPICAL TERM
Topical term or geographic name entry element ALTERNATIVE CHARTERED DESIGNATIONS
650 ## - SUBJECT ADDED ENTRY--TOPICAL TERM
Topical term or geographic name entry element ABOUT RICS-RICS MEMBERS
650 ## - SUBJECT ADDED ENTRY--TOPICAL TERM
Topical term or geographic name entry element GUIDELINES
650 ## - SUBJECT ADDED ENTRY--TOPICAL TERM
Topical term or geographic name entry element RICS
650 ## - SUBJECT ADDED ENTRY--TOPICAL TERM
Topical term or geographic name entry element FACULTIES
690 ## - LOCAL SUBJECT ADDED ENTRY--TOPICAL TERM (OCLC, RLIN)
Topical term or geographic name as entry element RICS NEWS
942 ## - ADDED ENTRY ELEMENTS (KOHA)
Suppress in OPAC 0
Holdings
Withdrawn status Lost status Source of classification or shelving scheme Damaged status Not for loan Home library Current library Shelving location Date acquired Total Checkouts Full call number Barcode Date last seen Copy number Price effective from Koha item type
    Dewey Decimal Classification     London London News article 29/11/2001   WB3745-28 115798-1001 06/08/2019 1 06/08/2019 News article